000 01117nam a2200301 i 4500
003 EG-GICUC
005 20260324140211.0
008 260226s1959 ua |||fr|||| 00| 0 ara d
040 _a EG-GICUC
_bara
_c EG-GICUC
_d EG-GICUC
_erda
041 0 _aAra
082 0 4 _221
_a343.4
_bم م . م
092 0 4 _221
099 _aLaw1 10 343.4 م م . م 1959
100 0 _aممدوح توفيق
_eمؤلف.
245 1 0 _aمرجع التشريعات الجنائية وفقاً لآخر التعديلات /
_cتأليف وكيل النائب العام ممدوح توفيق.
264 1 _aالقاهرة :
_bدار الفكر الحديث،
_c1959.
300 _a494 ؛صفحة
_c24 سم.
336 _2rda content
_atext
337 _2rda media
_aComputer
338 _2rda carrier
_aOnline Resource
546 _aالنص باللغة العربية
650 1 _aالتشريعات الجنائية الخاصة
_2qrmak
650 1 _aالقانون الجنائى
_2qrmak
651 1 _2qrmak
856 4 0 _uhttps://fll.law.cu.edu.eg/fulltext/bks/B10-08572.pdf
905 _a54
_eYara
942 _2ddc
_cBK
_e21
_n0
999 _c64281
_d64281